[Event "Titled Tuesday 2025.07.22 Late"]
[Site "chess.com INT"]
[Date "2025.07.22"]
[Round "6"]
[White "Rosen, E."]
[Black "Keleberda, Tymur"]
[Result "1/2-1/2"]
[WhiteElo "2377"]
[BlackElo "2339"]
[WhiteFideId "-1"]
[BlackFideId "-1"]
[PlyCount "246"]
[GameId "2204712049177530"]
[EventDate "2025.07.22"]
[EventType "swiss (blitz)"]
[EventRounds "11"]
[EventCountry "NET"]
[SourceTitle "The Week in Chess 1603"]
[Source "Mark Crowther"]
[SourceDate "2025.07.28"]
[SourceVersion "1"]
[SourceVersionDate "2025.07.28"]
[SourceQuality "2"]

1. d4 d5 2. Bf4 Nf6 3. Nf3 e6 4. e3 Bd6 5. Ne5 O-O 6. Nd2 c5 7. c3 Nc6 8. Bd3 Qc7 9. Ndf3 b6 10. h4 Bb7 11. h5 Ne4 12. Nxc6 Bxf4 13. exf4 Bxc6 14. Bxe4 dxe4 15. Ne5 f6 16. Nxc6 Qxc6 17. dxc5 Rfd8 18. Qe2 bxc5 19. h6 g6 20. O-O Rd3 21. c4 Rad8 22. b3 R8d4 23. Qg4 Qd6 24. Rae1 f5 25. Qh4 Qd8 26. Qg5 Qxg5 27. fxg5 e5 28. f4 Rd2 29. fxe5 Rxa2 30. Ra1 Rxa1 31. Rxa1 e3 32. Kf1 Rg4 33. Rxa7 Rxg5 34. Rg7+ Kf8 35. Rxh7 Rh5 36. e6 f4 37. Ke2 g5 38. Kf3 Rh1 39. e7+ Ke8 40. Ke2 g4 41. Rg7 Rxh6 42. Rxg4 Rh2 43. Kf3 Rh1 44. Ke2 Rb1 45. Rxf4 Rxb3 46. Re4 Rb2+ 47. Kf3 Rc2 48. g3 e2 49. Rxe2 Rxc4 50. Re5 Rd4 51. g4 c4 52. g5 Rd6 53. Kf4 c3 54. Rc5 Kxe7 55. Rxc3 Kf7 56. Rc5 Kg6 57. Kg4 Rd4+ 58. Kf3 Rd6 59. Kf4 Rd4+ 60. Kg3 Rd6 61. Kf3 Ra6 62. Rb5 Rc6 63. Kf4 Rc4+ 64. Kg3 Rc6 65. Kg4 Rc4+ 66. Kf3 Rc6 67. Rd5 Rc3+ 68. Kg4 Rc4+ 69. Kg3 Ra4 70. Rc5 Rb4 71. Kf3 Kh5 72. Ke3 Rg4 73. g6+ Kxg6 74. Kf3 Rg5 75. Rc6+ Kg7 76. Kf4 Ra5 77. Rc7+ Kf6 78. Rh7 Ra4+ 79. Ke3 Kg6 80. Rd7 Ra6 81. Kd3 Kf5 82. Rh7 Kg5 83. Kc3 Rc6+ 84. Kd4 Rg6 85. Rh1 Rd6+ 86. Ke5 Rd2 87. Rg1+ Kh6 88. Rf1 Kg6 89. Ke6 Re2+ 90. Kd5 Kg7 91. Kd4 Re7 92. Rg1+ Kf7 93. Rf1+ Kg7 94. Rf4 Rd7+ 95. Ke5 Ra7 96. Rg4+ Kf7 97. Rh4 Ra5+ 98. Kd6 Ra6+ 99. Ke5 Ra1 100. Rh7+ Kg6 101. Rb7 Re1+ 102. Kf4 Ra1 103. Rb6+ Kf7 104. Rb7+ Ke6 105. Rb6+ Kd5 106. Rb5+ Kd6 107. Rb2 Rf1+ 108. Ke3 Ra1 109. Rh2 Ke7 110. Ke4 Kf6 111. Rh6+ Kf7 112. Rb6 Ke7 113. Kd5 Rd1+ 114. Ke5 Re1+ 115. Kd5 Rd1+ 116. Ke5 Ra1 117. Rb7+ Kd8 118. Kd6 Ra6+ 119. Kc5 Rh6 120. Ra7 Kc8 121. Kb5 Kb8 122. Rg7 Rh5+ 123. Kb6 Rh6+ 1/2-1/2

[Event "Titled Tuesday 2025.07.22 Late"]
[Site "chess.com INT"]
[Date "2025.07.22"]
[Round "7"]
[White "Jakubowski, K."]
[Black "Keleberda, Tymur"]
[Result "1-0"]
[WhiteElo "2443"]
[BlackElo "2339"]
[WhiteFideId "-1"]
[BlackFideId "-1"]
[PlyCount "203"]
[GameId "2204712049235006"]
[EventDate "2025.07.22"]
[EventType "swiss (blitz)"]
[EventRounds "11"]
[EventCountry "NET"]
[SourceTitle "The Week in Chess 1603"]
[Source "Mark Crowther"]
[SourceDate "2025.07.28"]
[SourceVersion "1"]
[SourceVersionDate "2025.07.28"]
[SourceQuality "2"]

1. e4 a6 2. d4 e6 3. Bd3 d5 4. e5 c5 5. c3 Nc6 6. Ne2 f6 7. Bf4 Qb6 8. Qd2 cxd4 9. cxd4 fxe5 10. dxe5 Nb4 11. O-O Nxd3 12. Qxd3 Ne7 13. Nd4 Ng6 14. Bg3 Bc5 15. Nb3 Be7 16. Nc3 Bd7 17. Kh1 O-O 18. f4 Bh4 19. f5 Bxg3 20. Qxg3 Rxf5 21. Rxf5 exf5 22. Nxd5 Qc6 23. Rd1 Be6 24. Qxg6 Bxd5 25. Qxc6 Bxc6 26. Rd6 Kf7 27. Nd4 Re8 28. Nxc6 bxc6 29. Rxc6 Rxe5 30. h4 a5 31. Kh2 Rb5 32. b3 a4 33. bxa4 Rb4 34. a5 Rxh4+ 35. Kg3 Ra4 36. a6 g5 37. Kf3 h5 38. g3 Rxa2 39. Rb6 Ra3+ 40. Kf2 Kg7 41. Kg2 Ra4 42. Kf2 Ra5 43. Kg2 Ra3 44. Kf2 g4 45. Kg2 h4 46. gxh4 f4 47. h5 Ra2+ 48. Kg1 g3 49. Rg6+ Kh7 50. Kf1 Ra5 51. Kg2 Rxh5 52. Rb6 Ra5 53. Rf6 Ra4 54. Kf3 Kg7 55. Rb6 Kf7 56. Rc6 Ke7 57. Rb6 Ra1 58. Rb7+ Kf6 59. a7 Ra4 60. Rb6+ Ke5 61. Rb5+ Kd4 62. Rb4+ Rxb4 63. a8=Q Kc3 64. Kg2 Rc4 65. Qf3+ Kb4 66. Qd1 Kc5 67. Qd3 Rd4 68. Qa3+ Kd5 69. Kf3 Kc4 70. Qa4+ Kc3 71. Qa5+ Kc4 72. Qc7+ Kd3 73. Qg7 Kc3 74. Qe5 Kc4 75. Qe6+ Kc5 76. Qa6 Kb4 77. Qb6+ Kc4 78. Qa5 Kb3 79. Qc5 Rb4 80. Qd5+ Ka4 81. Ke2 g2 82. Qa8+ Kb5 83. Qb7+ Ka5 84. Qa8+ Kb5 85. Kf2 Rb2+ 86. Kg1 Kc4 87. Qe4+ Kc3 88. Qxf4 Kb3 89. Qf7+ Ka3 90. Qa7+ Kb3 91. Qb6+ Kc3 92. Qe6 Kb4 93. Qb6+ Ka3 94. Qd6+ Kb3 95. Qd4 Ka3 96. Qc4 Ra2 97. Qb5 Rb2 98. Qa5+ Kb3 99. Qd5+ Ka3 100. Qc4 Ra2 101. Qc3+ Ka4 102. Kh2 1-0

[Event "Titled Tuesday 2025.07.08 Early"]
[Site "chess.com INT"]
[Date "2025.07.08"]
[Round "1"]
[White "Keleberda, Tymur"]
[Black "Murthy, P."]
[Result "1-0"]
[WhiteElo "2339"]
[BlackElo "1836"]
[WhiteFideId "-1"]
[BlackFideId "-1"]
[PlyCount "77"]
[GameId "2199643485780301"]
[EventDate "2025.07.08"]
[EventType "swiss (blitz)"]
[EventRounds "11"]
[EventCountry "NET"]
[SourceTitle "The Week in Chess 1601"]
[Source "Mark Crowther"]
[SourceDate "2025.07.14"]
[SourceVersion "1"]
[SourceVersionDate "2025.07.14"]
[SourceQuality "2"]

1. e4 e5 2. Ne2 Nc6 3. Nbc3 Nf6 4. d4 d6 5. d5 Nb8 6. g3 Bg4 7. Bg2 Be7 8. h3 Bxe2 9. Qxe2 Nbd7 10. Be3 O-O 11. f4 c6 12. dxc6 bxc6 13. f5 Rb8 14. Rb1 Qa5 15. O-O d5 16. exd5 cxd5 17. Bf2 Bd6 18. g4 h6 19. a3 Rfc8 20. Rfd1 Rxc3 21. bxc3 Rxb1 22. Rxb1 Qxc3 23. Rb3 Qa1+ 24. Qf1 Qa2 25. Qb1 Qxb1+ 26. Rxb1 Bxa3 27. Bxa7 Bd6 28. Bf2 e4 29. Rd1 Ne5 30. Bd4 Nc4 31. Bxf6 gxf6 32. Rxd5 Be5 33. Bxe4 Ne3 34. Rd8+ Kg7 35. Kf2 Nc4 36. Bd3 Nb6 37. c4 Na4 38. Rd5 Nc5 39. Ke3 1-0

[Event "Titled Tuesday 2025.07.08 Early"]
[Site "chess.com INT"]
[Date "2025.07.08"]
[Round "2"]
[White "Srihari, L R"]
[Black "Keleberda, Tymur"]
[Result "1-0"]
[WhiteElo "2482"]
[BlackElo "2339"]
[WhiteFideId "-1"]
[BlackFideId "-1"]
[PlyCount "101"]
[GameId "2199643485960905"]
[EventDate "2025.07.08"]
[EventType "swiss (blitz)"]
[EventRounds "11"]
[EventCountry "NET"]
[SourceTitle "The Week in Chess 1601"]
[Source "Mark Crowther"]
[SourceDate "2025.07.14"]
[SourceVersion "1"]
[SourceVersionDate "2025.07.14"]
[SourceQuality "2"]

1. e4 a6 2. a4 e6 3. Nf3 d5 4. exd5 exd5 5. d4 c5 6. c3 Nc6 7. Be3 c4 8. Nbd2 h6 9. h3 Bd6 10. g3 Bf5 11. Bg2 Bd3 12. Bf1 Bxf1 13. Kxf1 Nge7 14. Kg2 O-O 15. Rf1 f5 16. Re1 f4 17. Bxf4 Bxf4 18. gxf4 Rxf4 19. Nf1 Qd6 20. Qe2 Raf8 21. N1h2 R8f6 22. Kh1 Kh7 23. Rg1 Qd7 24. Rg4 Rxg4 25. Nxg4 Rf8 26. Rg1 Qf5 27. Rg3 Ng6 28. Kh2 Nf4 29. Qd2 Nh5 30. Qe3 Qe4 31. Qxe4+ dxe4 32. Nd2 Nxg3 33. Kxg3 b5 34. axb5 axb5 35. Nxe4 b4 36. Ne3 bxc3 37. bxc3 Na5 38. d5 Re8 39. Nd6 Rd8 40. Nf7 Rb8 41. Ne5 Rb3 42. d6 Rxc3 43. d7 Nb7 44. Kf4 Rc1 45. N5xc4 Kg8 46. Ke5 Kf7 47. Nd6+ Nxd6 48. Kxd6 Rc3 49. d8=Q Rd3+ 50. Nd5 Rxd5+ 51. Kxd5 1-0

[Event "Titled Tuesday 2025.07.01 Early"]
[Site "chess.com INT"]
[Date "2025.07.01"]
[Round "1"]
[White "Duarte Cramer, Lily Jeanette"]
[Black "Keleberda, Tymur"]
[Result "0-1"]
[WhiteElo "1828"]
[BlackElo "2339"]
[WhiteFideId "-1"]
[BlackFideId "-1"]
[PlyCount "104"]
[GameId "2197154816978766"]
[EventDate "2025.07.01"]
[EventType "swiss (blitz)"]
[EventRounds "11"]
[EventCountry "NET"]
[SourceTitle "The Week in Chess 1600"]
[Source "Mark Crowther"]
[SourceDate "2025.07.07"]
[SourceVersion "1"]
[SourceVersionDate "2025.07.07"]
[SourceQuality "2"]

1. d4 a6 2. c4 e6 3. Nc3 d5 4. cxd5 exd5 5. Bf4 Nf6 6. e3 Bd6 7. Bxd6 Qxd6 8. Bd3 O-O 9. Nge2 Nbd7 10. O-O c5 11. dxc5 Nxc5 12. Bc2 Rd8 13. Nd4 b5 14. Bf5 Bb7 15. Rc1 Nce4 16. Bxe4 dxe4 17. Qe2 Qe5 18. Rfd1 Rac8 19. a3 h5 20. Rd2 Ng4 21. g3 Nf6 22. Rcd1 Re8 23. Nc2 Rb8 24. Ne1 Bc8 25. Nd5 Bg4 26. f3 exf3 27. Nxf3 Qf5 28. Nxf6+ Qxf6 29. Kg2 Qe6 30. Re1 Rbc8 31. Qd3 Rc4 32. Nd4 Bh3+ 33. Kg1 Qf6 34. Rf2 Qd6 35. Rd1 Qd5 36. b3 Rc7 37. Ne2 Qb7 38. Qd5 Rd7 39. Qxd7 Bxd7 40. Nd4 Bg4 41. Rdf1 Rxe3 42. Nf5 Bxf5 43. Rxf5 g6 44. Rc5 Rxb3 45. Rfc1 Rxa3 46. Rc8+ Kg7 47. Re8 Qb6+ 48. Kf1 Qf6+ 49. Kg1 Qd4+ 50. Kh1 Qd5+ 51. Kg1 Ra2 52. Kf1 Qh1# 0-1

[Event "Titled Tuesday 2025.07.01 Early"]
[Site "chess.com INT"]
[Date "2025.07.01"]
[Round "2"]
[White "Shandrygin, Nikita"]
[Black "Keleberda, Tymur"]
[Result "1/2-1/2"]
[WhiteElo "2209"]
[BlackElo "2339"]
[WhiteFideId "-1"]
[BlackFideId "-1"]
[PlyCount "243"]
[GameId "2197154817167579"]
[EventDate "2025.07.01"]
[EventType "swiss (blitz)"]
[EventRounds "11"]
[EventCountry "NET"]
[SourceTitle "The Week in Chess 1600"]
[Source "Mark Crowther"]
[SourceDate "2025.07.07"]
[SourceVersion "1"]
[SourceVersionDate "2025.07.07"]
[SourceQuality "2"]

1. Nf3 Nf6 2. g3 b6 3. d4 Bb7 4. Bg2 e6 5. O-O Be7 6. c4 O-O 7. b3 a5 8. Nc3 Ne4 9. Bb2 Nxc3 10. Bxc3 a4 11. d5 Bf6 12. Bxf6 Qxf6 13. e4 e5 14. b4 Qe7 15. a3 g6 16. Ne1 d6 17. Nd3 f5 18. Qc2 Nd7 19. Rae1 fxe4 20. Bxe4 Nf6 21. Bg2 Rae8 22. f4 e4 23. Nf2 e3 24. Nd3 e2 25. Rf2 Qe3 26. Rexe2 Qd4 27. h3 b5 28. cxb5 Rxe2 29. Qxe2 Re8 30. Qd2 Bxd5 31. Nb2 Qxd2 32. Rxd2 Bxg2 33. Kxg2 Re3 34. Nd3 Ne4 35. Rd1 Rxg3+ 36. Kh2 Re3 37. Re1 Rxd3 38. Rxe4 Rxa3 39. Re8+ Kg7 40. Rc8 Rb3 41. Rxc7+ Kf6 42. Rxh7 Rxb4 43. Ra7 Rxf4 44. b6 Rb4 45. b7 a3 46. Kg3 a2 47. Rxa2 Rxb7 48. Ra5 Rb4 49. Rd5 Ke6 50. Rg5 Kf6 51. Rd5 Rb6 52. Kg4 Ke6 53. Rd1 Rb5 54. h4 Re5 55. Ra1 Kf6 56. Ra6 Re4+ 57. Kg3 Rd4 58. Ra8 Rd1 59. Rf8+ Kg7 60. Rd8 d5 61. Kg4 Kf6 62. Rd6+ Kf7 63. Kg5 Rg1+ 64. Kh6 Rg4 65. h5 gxh5 66. Kxh5 Rd4 67. Kg5 Ke7 68. Ra6 Re4 69. Kf5 Re1 70. Ra7+ Kd6 71. Ra5 d4 72. Kf4 d3 73. Ra3 d2 74. Rd3+ Ke6 75. Rxd2 Rf1+ 76. Ke3 Rf5 77. Ke4 Re5+ 78. Kf4 Ra5 79. Re2+ Kf6 80. Kg4 Ra4+ 81. Kf3 Kf5 82. Re3 Rf4+ 83. Kg3 Rg4+ 84. Kh3 Rb4 85. Rf3+ Kg5 86. Rg3+ Kh5 87. Rc3 Rb5 88. Rc4 Rb3+ 89. Kg2 Rb5 90. Rd4 Kg5 91. Rc4 Kf5 92. Rc2 Rb3 93. Rc4 Ke5 94. Rh4 Kf6 95. Rf4+ Kg5 96. Rf3 Rb2+ 97. Rf2 Rb5 98. Rf3 Kg4 99. Rf2 Rb3 100. Rc2 Rb4 101. Rd2 Ra4 102. Rc2 Rd4 103. Rb2 Rc4 104. Ra2 Kf4 105. Rb2 Ra4 106. Rf2+ Kg4 107. Re2 Ra3 108. Re4+ Kf5 109. Rb4 Ra2+ 110. Kf3 Ra5 111. Rh4 Ra3+ 112. Ke2 Kg5 113. Rc4 Ra5 114. Rb4 Re5+ 115. Kf3 Rf5+ 116. Kg3 Ra5 117. Rc4 Ra3+ 118. Kf2 Ra2+ 119. Ke3 Ra3+ 120. Kf2 Ra2+ 121. Kf3 Ra3+ 122. Kf2 1/2-1/2

[Event "Titled Tuesday 2025.07.01 Early"]
[Site "chess.com INT"]
[Date "2025.07.01"]
[Round "3"]
[White "Keleberda, Tymur"]
[Black "Rogov, Matfey"]
[Result "0-1"]
[WhiteElo "2339"]
[BlackElo "2348"]
[WhiteFideId "-1"]
[BlackFideId "-1"]
[PlyCount "42"]
[GameId "2197154817175801"]
[EventDate "2025.07.01"]
[EventType "swiss (blitz)"]
[EventRounds "11"]
[EventCountry "NET"]
[SourceTitle "The Week in Chess 1600"]
[Source "Mark Crowther"]
[SourceDate "2025.07.07"]
[SourceVersion "1"]
[SourceVersionDate "2025.07.07"]
[SourceQuality "2"]

1. e4 e5 2. Nf3 Nc6 3. Bc4 Bc5 4. c3 Nf6 5. d4 exd4 6. e5 d5 7. Bb5 Ne4 8. cxd4 Bb6 9. Nc3 O-O 10. Be3 Bg4 11. h3 Bh5 12. Qc2 Nb4 13. Qb3 a5 14. a3 Nxc3 15. Qxc3 Nc6 16. O-O Bxf3 17. gxf3 Qh4 18. Kh2 Nxd4 19. Bd7 Nxf3+ 20. Kg2 d4 21. Qc4 Nxe5 0-1

[Event "Titled Tuesday 2025.06.24 Late"]
[Site "chess.com INT"]
[Date "2025.06.24"]
[Round "1"]
[White "Keleberda, Tymur"]
[Black "Miserendino, A."]
[Result "1-0"]
[WhiteElo "2332"]
[BlackElo "2032"]
[WhiteFideId "-1"]
[BlackFideId "-1"]
[PlyCount "87"]
[GameId "2194569122652788"]
[EventDate "2025.06.24"]
[EventType "swiss (blitz)"]
[EventRounds "11"]
[EventCountry "NET"]
[SourceTitle "The Week in Chess 1599"]
[Source "Mark Crowther"]
[SourceDate "2025.06.30"]
[SourceVersion "1"]
[SourceVersionDate "2025.06.30"]
[SourceQuality "2"]

1. e4 c5 2. Ne2 e6 3. g3 d5 4. Bg2 Nf6 5. exd5 exd5 6. d4 cxd4 7. O-O Be7 8. Nxd4 O-O 9. Nc3 Nc6 10. h3 h6 11. Be3 Re8 12. a3 Bf8 13. Re1 a6 14. Kh2 Qd7 15. Nb3 Rd8 16. Qf3 Ne5 17. Qe2 Nc6 18. Rad1 Qf5 19. Rd2 Be6 20. Red1 Ne4 21. Rd3 Nxc3 22. Rxc3 Rac8 23. Bb6 Rd6 24. Rf3 Qg6 25. Bc5 Rd7 26. Bxf8 Rxf8 27. Nc5 Re7 28. Re3 Rfe8 29. c3 Qf6 30. Qd2 Ne5 31. Qd4 Nd7 32. Nxd7 Qxd4 33. Rxd4 Rxd7 34. Bxd5 Red8 35. Bxe6 fxe6 36. Rxd7 Rxd7 37. Rxe6 Kf7 38. Rb6 Rc7 39. Kg2 Ke7 40. f4 Kd7 41. Kf3 Kc8 42. Rb4 Re7 43. Re4 Kb8 44. Rxe7 1-0

[Event "Titled Tuesday 2025.06.24 Late"]
[Site "chess.com INT"]
[Date "2025.06.24"]
[Round "2"]
[White "Keleberda, Tymur"]
[Black "Kravtsiv, M."]
[Result "0-1"]
[WhiteElo "2332"]
[BlackElo "2598"]
[WhiteFideId "-1"]
[BlackFideId "-1"]
[PlyCount "72"]
[GameId "2194569122808587"]
[EventDate "2025.06.24"]
[EventType "swiss (blitz)"]
[EventRounds "11"]
[EventCountry "NET"]
[SourceTitle "The Week in Chess 1599"]
[Source "Mark Crowther"]
[SourceDate "2025.06.30"]
[SourceVersion "1"]
[SourceVersionDate "2025.06.30"]
[SourceQuality "2"]

1. e4 e5 2. Nf3 Nc6 3. Bc4 Nf6 4. d4 exd4 5. e5 d5 6. Bb5 Ne4 7. Nxd4 Bd7 8. Bxc6 bxc6 9. O-O Bc5 10. f3 Ng5 11. Be3 Bb6 12. f4 Ne4 13. Nd2 Nxd2 14. Qxd2 c5 15. Ne2 d4 16. Bf2 Bc6 17. c4 Qd7 18. Ng3 O-O-O 19. a3 h5 20. Rfe1 h4 21. Ne4 Qf5 22. Qd3 Qxf4 23. b4 Rhe8 24. Qh3+ Re6 25. Nxc5 Bxc5 26. bxc5 d3 27. a4 g5 28. Qe3 Qxc4 29. Reb1 Qd5 30. Kf1 Qxg2+ 31. Ke1 d2+ 32. Ke2 Qg4+ 33. Kf1 Bg2+ 34. Kg1 Be4+ 35. Bg3 Bxb1 36. Rxb1 d1=Q+ 0-1

[Event "Titled Tuesday 2025.06.24 Late"]
[Site "chess.com INT"]
[Date "2025.06.24"]
[Round "3"]
[White "Marin, Sebastian"]
[Black "Keleberda, Tymur"]
[Result "0-1"]
[WhiteElo "2246"]
[BlackElo "2332"]
[WhiteFideId "-1"]
[BlackFideId "-1"]
[PlyCount "66"]
[GameId "2194569122862030"]
[EventDate "2025.06.24"]
[EventType "swiss (blitz)"]
[EventRounds "11"]
[EventCountry "NET"]
[SourceTitle "The Week in Chess 1599"]
[Source "Mark Crowther"]
[SourceDate "2025.06.30"]
[SourceVersion "1"]
[SourceVersionDate "2025.06.30"]
[SourceQuality "2"]

1. e4 e6 2. d4 d5 3. Nc3 Bb4 4. e5 c5 5. a3 Bxc3+ 6. bxc3 Ne7 7. a4 Qa5 8. Bd2 b6 9. Bb5+ Bd7 10. c4 Bxb5 11. Bxa5 Bxc4 12. Bc3 Nbc6 13. Nf3 h6 14. a5 b5 15. Nd2 cxd4 16. Nxc4 dxc4 17. Bxd4 Rd8 18. c3 a6 19. O-O O-O 20. Qg4 Nxd4 21. cxd4 Nd5 22. Qe4 Rb8 23. Rfc1 Rfc8 24. f4 b4 25. f5 c3 26. f6 b3 27. Qg4 g6 28. Qh4 Kh7 29. Rab1 b2 30. Rc2 Rb3 31. Qe1 Rb5 32. g4 Rc4 33. Rbxb2 cxb2 0-1

[Event "Titled Tuesday 2025.06.24 Late"]
[Site "chess.com INT"]
[Date "2025.06.24"]
[Round "4"]
[White "Matinian, N."]
[Black "Keleberda, Tymur"]
[Result "1-0"]
[WhiteElo "2421"]
[BlackElo "2332"]
[WhiteFideId "-1"]
[BlackFideId "-1"]
[PlyCount "151"]
[GameId "2194569122989278"]
[EventDate "2025.06.24"]
[EventType "swiss (blitz)"]
[EventRounds "11"]
[EventCountry "NET"]
[SourceTitle "The Week in Chess 1599"]
[Source "Mark Crowther"]
[SourceDate "2025.06.30"]
[SourceVersion "1"]
[SourceVersionDate "2025.06.30"]
[SourceQuality "2"]

1. e4 e6 2. d4 d5 3. Nc3 Nf6 4. Bg5 Be7 5. e5 Nfd7 6. h4 a6 7. Qg4 h5 8. Qg3 g6 9. Nge2 c5 10. dxc5 Nc6 11. f4 Qa5 12. O-O-O Bxc5 13. Kb1 b5 14. Nc1 b4 15. Nb3 Qc7 16. Na4 Bf8 17. c4 Nb6 18. Nxb6 Qxb6 19. cxd5 exd5 20. Rxd5 Be6 21. Rd2 Bg7 22. Bd3 O-O 23. Bf6 Bxf6 24. exf6 Bg4 25. Be2 Bf5+ 26. Ka1 Nd8 27. Nd4 Qxf6 28. Bxh5 Ne6 29. Nxe6 Qxe6 30. Bf3 Rad8 31. Rxd8 Rxd8 32. h5 Rd2 33. Qe1 Qd6 34. hxg6 Kg7 35. gxf7 Kxf7 36. g4 Be6 37. f5 Bxa2 38. Kxa2 b3+ 39. Ka1 Qd4 40. Qe6+ Kf8 41. Qc8+ Kf7 42. Qc7+ Kf6 43. Qa5 Kg5 44. Qa3 Kf4 45. Rf1 Rf2 46. Rxf2 Qxf2 47. Qxb3 Qf1+ 48. Ka2 Kg5 49. Bd5 Qf4 50. Bc4 Qd4 51. Bxa6 Qa7 52. Qb5 Qd4 53. f6+ Kxf6 54. Qc6+ Kg5 55. Bc4 Qa7+ 56. Kb3 Qe3+ 57. Kb4 Qc1 58. b3 Qd2+ 59. Kb5 Qb2 60. b4 Kxg4 61. Qc5 Kf4 62. Qd6+ Kg5 63. Qd5+ Kf6 64. Kc5 Qh2 65. b5 Ke7 66. b6 Qf2+ 67. Qd4 Qf5+ 68. Bd5 Qc2+ 69. Kb5 Qb1+ 70. Qb4+ Qxb4+ 71. Kxb4 Kd6 72. Kb5 Kd7 73. Ka6 Kd6 74. b7 Kxd5 75. b8=Q Kc5 76. Qb3 1-0

[Event "Titled Tuesday 2025.06.17 Late"]
[Site "chess.com INT"]
[Date "2025.06.17"]
[Round "1"]
[White "Abdou Ahmed Alem"]
[Black "Keleberda, Tymur"]
[Result "1/2-1/2"]
[WhiteElo "2002"]
[BlackElo "2332"]
[WhiteFideId "-1"]
[BlackFideId "-1"]
[PlyCount "170"]
[GameId "2192029298637026"]
[EventDate "2025.06.17"]
[EventType "swiss (blitz)"]
[EventRounds "11"]
[EventCountry "NET"]
[SourceTitle "The Week in Chess 1598"]
[Source "Mark Crowther"]
[SourceDate "2025.06.23"]
[SourceVersion "1"]
[SourceVersionDate "2025.06.23"]
[SourceQuality "2"]

1. d4 Nf6 2. Bf4 d5 3. e3 e6 4. Bd3 Bd6 5. Bxd6 Qxd6 6. f4 c5 7. c3 cxd4 8. cxd4 O-O 9. Nf3 Nc6 10. O-O Nb4 11. Nc3 Nxd3 12. Qxd3 Bd7 13. Rac1 Rfc8 14. Rf2 Rc7 15. Rfc2 Rac8 16. Ne5 Be8 17. h3 h6 18. Kh2 a6 19. a4 Ne4 20. Nxe4 dxe4 21. Qxe4 Bxa4 22. Rxc7 Rxc7 23. Rxc7 Qxc7 24. d5 Bb3 25. dxe6 fxe6 26. Qd4 a5 27. Qd7 Qxd7 28. Nxd7 Bd5 29. Kg3 Kf7 30. Ne5+ Ke7 31. Kf2 Kd6 32. g4 Kc5 33. Ke2 Kb4 34. Kd2 Kb3 35. Kc1 b5 36. Nd3 a4 37. Nc5+ Kc4 38. Nd7 Kd3 39. f5 exf5 40. gxf5 Kxe3 41. f6 gxf6 42. Nxf6 Bf3 43. Kc2 b4 44. Nd7 Be4+ 45. Kc1 a3 46. bxa3 bxa3 47. Nc5 Bd5 48. Na4 Kf3 49. Nc3 Bf7 50. Nb5 a2 51. Kb2 Kg3 52. Nd4 Kxh3 53. Nf5 h5 54. Ng7 h4 55. Nf5 Kg4 56. Nxh4 Kxh4 57. Ka1 Kg4 58. Kb2 Kf4 59. Ka1 Ke3 60. Kb2 Kd4 61. Ka1 Kc4 62. Kb2 Kb4 63. Ka1 Bb3 64. Kb2 Bc2 65. Ka1 Bb1 66. Kb2 Ka4 67. Ka1 Kb4 68. Kb2 Kb5 69. Ka1 Kc5 70. Kb2 Kd4 71. Ka1 Kd3 72. Kb2 Kd2 73. Ka1 Bc2 74. Kb2 Bb3 75. Ka1 Kd1 76. Kb2 Ke2 77. Ka1 Kd3 78. Kb2 Bc4 79. Ka1 Bd5 80. Kb2 Bb3 81. Ka1 Kc4 82. Kb2 Kb4 83. Ka1 Ka4 84. Kb2 Bd5 85. Ka1 Kb3 1/2-1/2

[Event "Titled Tuesday 2025.06.17 Late"]
[Site "chess.com INT"]
[Date "2025.06.17"]
[Round "2"]
[White "Keleberda, Tymur"]
[Black "El Jawich, A."]
[Result "1-0"]
[WhiteElo "2332"]
[BlackElo "2307"]
[WhiteFideId "-1"]
[BlackFideId "-1"]
[PlyCount "49"]
[GameId "2192029298665752"]
[EventDate "2025.06.17"]
[EventType "swiss (blitz)"]
[EventRounds "11"]
[EventCountry "NET"]
[SourceTitle "The Week in Chess 1598"]
[Source "Mark Crowther"]
[SourceDate "2025.06.23"]
[SourceVersion "1"]
[SourceVersionDate "2025.06.23"]
[SourceQuality "2"]

1. d4 g6 2. c4 Bg7 3. Nc3 d6 4. g3 c5 5. Nf3 cxd4 6. Nxd4 Nc6 7. Nxc6 bxc6 8. Bg2 Bd7 9. O-O Qa5 10. Qd3 Nf6 11. Bd2 O-O 12. Nd5 Qd8 13. Nxf6+ Bxf6 14. Bc3 Bxc3 15. Qxc3 Rb8 16. b3 Qb6 17. Rad1 a5 18. c5 Qc7 19. cxd6 exd6 20. h4 c5 21. h5 Bb5 22. Rfe1 Rfe8 23. h6 f5 24. Bd5+ Kf8 25. Qf6+ 1-0

[Event "Titled Tuesday 2025.06.17 Late"]
[Site "chess.com INT"]
[Date "2025.06.17"]
[Round "3"]
[White "Davtyan, Artur"]
[Black "Keleberda, Tymur"]
[Result "1-0"]
[WhiteElo "2472"]
[BlackElo "2332"]
[WhiteFideId "-1"]
[BlackFideId "-1"]
[PlyCount "101"]
[GameId "2192029298764304"]
[EventDate "2025.06.17"]
[EventType "swiss (blitz)"]
[EventRounds "11"]
[EventCountry "NET"]
[SourceTitle "The Week in Chess 1598"]
[Source "Mark Crowther"]
[SourceDate "2025.06.23"]
[SourceVersion "1"]
[SourceVersionDate "2025.06.23"]
[SourceQuality "2"]

1. d4 Nf6 2. c4 e6 3. Nc3 d5 4. cxd5 exd5 5. Bg5 c6 6. e3 Be7 7. Bd3 h6 8. Bh4 O-O 9. Qc2 Nbd7 10. Nf3 Re8 11. O-O Ne4 12. Bxe7 Qxe7 13. Bxe4 dxe4 14. Nd2 Nf6 15. Rab1 Bf5 16. b4 a6 17. a4 Rac8 18. Rfc1 Qd6 19. Nf1 h5 20. Qb3 h4 21. h3 g5 22. b5 axb5 23. axb5 g4 24. hxg4 Nxg4 25. bxc6 bxc6 26. Ne2 Rc7 27. Nf4 Kh7 28. Qb4 Qd8 29. Qb6 h3 30. Nxh3 Rg8 31. Rxc6 Rxc6 32. Qxc6 Qh4 33. Qd5 Nxe3 34. Nxe3 Bxh3 35. Qxf7+ Rg7 36. Qd5 Qf4 37. Qh5+ Qh6 38. Qxh6+ Kxh6 39. Rb6+ Kg5 40. gxh3 Kf4+ 41. Kf1 Ra7 42. Rf6+ Kg5 43. Rf5+ Kg6 44. Rf4 Ra2 45. Kg2 Kg5 46. Rg4+ Kh5 47. Rxe4 Rd2 48. Re5+ Kh4 49. Nf5+ Kg5 50. Ng3+ Kf4 51. Rf5# 1-0

[Event "Titled Tuesday 2025.06.17 Late"]
[Site "chess.com INT"]
[Date "2025.06.17"]
[Round "4"]
[White "Guerrero Cataldo, Juan Andres"]
[Black "Keleberda, Tymur"]
[Result "0-1"]
[WhiteElo "2082"]
[BlackElo "2332"]
[WhiteFideId "-1"]
[BlackFideId "-1"]
[PlyCount "50"]
[GameId "2192029298842301"]
[EventDate "2025.06.17"]
[EventType "swiss (blitz)"]
[EventRounds "11"]
[EventCountry "NET"]
[SourceTitle "The Week in Chess 1598"]
[Source "Mark Crowther"]
[SourceDate "2025.06.23"]
[SourceVersion "1"]
[SourceVersionDate "2025.06.23"]
[SourceQuality "2"]

1. e4 a6 2. d4 e6 3. g3 d5 4. exd5 exd5 5. Bg2 Nf6 6. Ne2 Bd6 7. O-O h6 8. Bf4 O-O 9. b3 Nc6 10. Nd2 Re8 11. Nf3 Bf5 12. c4 dxc4 13. bxc4 Be4 14. d5 Bxf4 15. Nxf4 Na5 16. Qd4 b5 17. cxb5 axb5 18. a4 Nb3 19. Qb4 Nxa1 20. Rxa1 Nxd5 21. Nxd5 Qxd5 22. Nh4 Bxg2 23. Nxg2 Rxa4 24. Rxa4 Qd1+ 25. Ne1 Rxe1+ 0-1